02583nam a22002177a 4500003000400000005001700004008004100021082002300062100003600085245007600121250001700197260007700214300005100291490004000342520160100382650016301983700003602146942001602182952015202198999001502350OSt20260401101029.0260401b |||||||| |||| 00| 0 SPA d 2978-9942-615-08-4. aGina Alexandra Pilco Guadalupe. aApuntes sobre las creencias irracionales y la violencia contra la mujer a1mer EDICION a(Universidad Nacional de Chimborazo), Ecuadorb Editorial UNACH c 2022  a113 páginasc14.8 x 21 cmf volumen físico 3Rústica (tapa blanda) con solapas aTeniendo en cuenta que las ideas irracionales tienden a influir en la toma de decisiones de los individuos e inciden en el comportamiento de quienes están alrededor, se ha tomado como elemento de estudio importante cómo se ve reflejado este tipo de ideas en la violencia ejercida contra las mujeres en el entorno familiar y las consecuencias que de ello se deriva. Para este caso es necesario aclarar que la base de estas creencias está en la incapacidad de la persona para identificar y modificar este pensamiento. Sobre este tema, Krug et al. (2003) señaló que el basamento más sólido sobre el que se trabajan estas creencias es el de las 10 creencias irracionales identificadas como base de las creencias irracionales y a partir de una alteración emocional. Para este estudio fue utilizada la clasificación del Código Orgánico Integral Penal (COIP) reformado en el año 2014 en Ecuador, con garantía en la Constitución ecuatoriana, que determina la violencia como física, psicológica y sexual. Consta de 28 ítems donde se identifica que la idea irracional predominante se refiere a que la necesidad de algo y/o alguien más grande o fuerte en quien se pueda confiar y apoyarse, además de la relación que existe con la violencia doméstica. Durante el desarrollo de este libro se encontrarán referencias científicas que acercarán al lector a la situación más actualizada hasta el momento de la relación, violencia y creencias irracionales y la forma en que estas se manifiestan y afectan tanto las relaciones personales como las familiares. aViolencia contra la mujer. Creencias irracionales. Psicología aplicadaxAspectos psicológicos. Investigación. Prevención y controlySiglo XXIzEcuador aGina Alexandra Pilco Guadalupe. 2ddccBKAn0 00102ddc40708F02aISUSbISUScBiblioteca Abiertad2026-04-01eLECTURAf0460i0460l0o0460pBIBLIO0460r2026-04-01 10:11:43t1w2026-04-01yBKA c2036d2036